000 00407 a2200073 4500
245 0 _aCCITT Plenary Assembly (Yellow Book) Geneva, 1980 :
_bGeneral Recommendations on Telephone Switching and Signalling, Interface with the Maritime Service, Recommendations Q.1-Q.118 bis (Study Group XI) /
_c.
_nVol.VI-1
710 2 _aInternational Telecommunication Union.
_eWydawca
_4pbl
260 _aGeneva :
_bITU,
_c1981.
300 _aIX, 213 s.;
_c30 cm.
999 _c13960
_d13960